| 000 | 00584nam a2200205 4500 | ||
|---|---|---|---|
| 003 | OSt | ||
| 005 | 20240621083110.0 | ||
| 006 | a | ||
| 008 | 240621b |||||||| |||| 00| 0 eng d | ||
| 020 | _a0376025352 | ||
| 040 |
_aDWCL-HMN lib. _cOC |
||
| 082 | _aCirc. 641.593 As832 1984 | ||
| 110 | _aBY THE EDITORS OF SUNSET BOOKS AND SUNSET MAGAZINES. | ||
| 245 | _aAsian cooking / | ||
| 260 |
_aMenlo Park, Calif. : _bSunset Pub. Corp. , _cc1984. |
||
| 300 |
_b112 p. : ill. ; _c28 cm. |
||
| 504 | _aIncludes index. | ||
| 650 | _a1. Cooking, Asian. | ||
| 942 |
_2ddc _n0 _cBK-CIRC _kCirc. |
||
| 999 |
_c1105 _d1105 |
||